MDQL
is popping MORE tags! Check the
thread
!
Quizzes
Events
Quiz Creation
Community
Videos
Private Events
Remove Ads
Sign In
Join for FREE
Feedback
Dark Mode
Quiz Categories
Sports
Geography
Music
Movies
Television
Just For Fun
Miscellaneous
History
Literature
Language
Science
Gaming
Entertainment
Religion
Holiday
For Kids
Quiz Lab
Recent
Popular Today
Quiz Kudos Today
Editor Picks
Curator Picks
Quizzes by...
Day
Popularity
Type
Ratings
Length
Year
Community
Subscriptions
Recent Discussions
Orange Saloon
Badges
Playlists
Quests
Create
Leaderboards
Showdown
Live 5
Trivia Bingo
Activity
Puzzle Library
Sporcle Events
Private Events
Virtual Trivia
Globe League
Become a Host
Pub Owners
SporcleCon
Opinionation
Our Games
Videos
Blog
Mobile Apps
Partnerships
Remove Ads and Go Orange
Feedback
Holiday
Halloween
Christmas
Holiday Songs
April Fools'
Thanksgiving
Valentine's Day
Easter
St Patrick's Day
National Holiday
Religious Holiday
Holiday
Halloween
Christmas
Holiday Songs
April Fools'
Thanksgiving
Valentine's Day
Easter
St Patrick's Day
National Holiday
Religious Holiday
Random Quiz
Search Sporcle
×
Quiz Lab
Quiz Lab
Holiday
Clickable
Select answers by clicking on text or image buttons
Select answers by clicking on text or image buttons
Clickable
Best Score? Go Orange.
Holidays Real or Fake Stats
Can you pick the holidays that are real and the holidays that are fake?
By
lollipopfreak
2m
20 Questions
522 Plays
522 Plays
522 Plays
Comments
Comments
Give Quiz Kudos
Give Quiz Kudos
-
- Ratings
hide this ad
Forced Order
Answers have to be entered in order
Answers have to be entered in order
Replay
Link that replays current quiz
Next Quiz
Link to next quiz in quiz playlist
You Got
0%
They Got
Avg Score
24%
Avg Friend Score
Upgrade to see
Score Distribution
Jump to the score distribution portion of the page
Score
0/20
Timer
02:00
0
Plays Today
% Correct
Real
39.5%
Fake
38.2%
Fake
33.4%
Real
33.2%
Fake
31.9%
Real
29.9%
Real
29.8%
Real
29%
Real
27.8%
Real
27.8%
% Correct
Fake
26.7%
Fake
20.5%
Real
20%
Fake
19.8%
Fake
17.5%
Real
14.6%
Fake
13.6%
Real
11.1%
Fake
11.1%
Fake
10.4%
Quiz Playlist
Details
Report
Send in Message
Add To Playlist
Clickable:
Select answers by clicking on text or image buttons
Forced Order:
Answers have to be entered in order
Last Updated: Sep 3, 2019
Quiz Scoreboard
CHALLENGE
Sign Up to Join the Scoreboard
Show All
Scores
Hide
Comments
May contain spoilers
Recently Published
Two Season TV Shows II
by 123Four
Television
10m
Image Sorting: Flags VI
by Barbecue
Geography
2m
Find the 'City' Movie
by crazypaving
Movies
60s
More to Explore
Quiz From the Vault
Featured Blog Post
14 Easter Pick-up Lines to Find Eggs With
hide this ad
You Might Also Like...
Tags
Clickable Quiz
fake
Today's Top Quizzes in Holiday
Browse Holiday
hide this ad
Today's Top Quizzes in Clickable
Browse Clickable
Top Contributed Quizzes in Holiday
1
Pick the Easter Eggs hidden in the Garden
2
April Fools' Zebra Puzzle
3
Picture Click Blitz: Easter
4
5-to-1: Holiday Songs
5
Easter Teddy Bears
6
5-to-1: Thanksgiving
7
Easter - Did You Know?
8
Image Sorting: Holidays II
9
Draw a Badge: Hey, It's Leap Day
10
Click the Cartoon Easter Bunny
Explore More
Trending Topics
Disney
NBA
Marvel
Kpop
Anime
Harry Potter
Crossword
NFL
The Office
Country
Soccer
Pokémon
Puzzle
Song
WWE
hide this ad
More By:
lollipopfreak
Quiz
Plays
Rating
Category
Featured
Created
10 Least Populous US States
144,374
4.31
Geography
Apr 15, 2012
Food Rainbow Slideshow
77,654
4.27
Miscellaneous
Aug 16, 2013
Things That Are Black
49,951
3.89
Miscellaneous
Aug 12, 2013
Pokémon Logic Puzzle (DIFFICULT)
43,668
4.08
Gaming
Jul 19, 2020
Three Letter 'A' Words
37,351
4.35
Language
Sep 22, 2013
Go to Creator's Profile
Score Distribution
Quiz Creator Spotlight
lollipopfreak
Follow
Send a Message
Quizzes Created
-
Created Quiz Play Count
-
More By This Creator
Popular Quizzes Today
1
Find the US States - No Outlines Minefield
2
Colored Red Africa Blitz
3
Find the 'City' Movie
4
5x2 Blitz: Bands
5
The Countries of the World
6
Find the Countries of Europe - No Outlines Minefield
7
Find the US States
8
US States
More Holiday Quizzes
The Simpsons Sing Rudolph
Quiz Lab
Trending Quizzes
Colored Red Europe Blitz I
Colored Red Africa Blitz II
Colored Red Europe Blitz II
Colored Red Africa Blitz III
Even More Two Season TV Shows
Recently Updated
March Madness Men's Triple Doubles
pecheneg
How Do You Spell That?
pecheneg
Godzilla Movies
pecheneg
Grab Bag: 4-10 Letters
pecheneg
2024 March Madness Bracket
pecheneg
Famous TV Couples
Peacemaker
Champions League XIs: Real Madrid
pecheneg
Largest US Cities 1790-2010
pecheneg
Rides in Walt Disney World
pecheneg
Most Oscar Losses (Acting)
pecheneg
Trending Topics
Marvel
Disney
Crossword
NBA
Kpop
Anime
Harry Potter
WWE
Puzzle
Song
Soccer
NFL
Country
Pokémon
The Office
Your Account Isn't Verified!
In order to create a playlist on Sporcle, you need to verify the email address you used during registration. Go to your
Sporcle Settings
to finish the process.
Report this User
Report this user for behavior that violates our
Community Guidelines
.
Details:
Send Report
Go to the Sporcle.com Mobile Site →
Comments